| 000 | 00343nam a22001217a 4500 | ||
|---|---|---|---|
| 082 |
_a297.1227 _bMOD _cL-31,P-135 |
||
| 100 |
_aModudi, Syed Abu ala _951048 |
||
| 245 | _aتفسير سورة الحجرات | ||
| 260 |
_aLahore, _bidara Tarjuman Quran, _c1965. |
||
| 300 | _a55p. | ||
| 526 |
_a0 _b0 _c0 _d297_122700000000000_MOD |
||
| 942 |
_2ddc _cBK |
||
| 999 |
_c553790 _d553790 |
||